00319nam a2200121Ia 4500008004100000041000800041082001600049100002100065245004800086260002700134300001900161999001700180241015s9999 xx 000 0 und d aeng a650.144 ROU aKathryn Roulston aInterviewing A Guide To Theory And Practice bSageaLOS ANGELEc2022 a332;. P. 22 cm c41733d41733